000 00892cam a22002891 4500
001 sa 65002986
003 DLC
005 20260227112120.0
008 890815s1961 ii b 000 0 sano
010 _asa 65002986
035 _a(OCoLC)20179742
040 _aDLC
_cWaU
_dDLC
042 _apremarc
050 0 0 _aPK3798.K73
_bA6 1961
100 0 _aKṣemendra,
_dactive 11th century.
245 0 0 _aKṣemendralaghukāvyasaṅgrahaḥ.
260 _c1961.
300 _aii, 31, 599 p.
_c22 cm.
440 0 _aSanskrit Academy series ;
_vno. 7, A. 5
500 _aAdded t. p.: Minor works of Kṣemendra.
500 _aText in Sanskrit; introd. and glossary in English.
504 _aBibliography: p. [29]-31 (2d group)
700 1 _aSharma, Aryendra,
_d1910-
700 1 _aRaghavacharya, E. V. V.
740 0 _aMinor works of Kṣemendra.
740 0 _aLaghukāvyasaṅgrahaḥ.
999 _c62906
_d62906